Transmissibility through and wave effects in rubber (1964 reviews) (Record no. 71497)

MARC details
000 -LEADER
fixed length control field 00345nam a2200121Ia 4500
100 ## - MAIN ENTRY--AUTHOR NAME
Personal name Payne A R
245 #0 - TITLE STATEMENT
Title Transmissibility through and wave effects in rubber (1964 reviews)
260 ## - PUBLICATION, DISTRIBUTION, ETC. (IMPRINT)
Name of publisher Rubber Chemistry and Technology
Year of publication 1964
300 ## - PHYSICAL DESCRIPTION
Number of Pages 1190-1244
650 ## - SUBJECT ADDED ENTRY--TOPICAL TERM
Topical Term 1964 reviews
942 ## - ADDED ENTRY ELEMENTS (KOHA)
Koha item type Journals
Holdings
Withdrawn status Lost status Damaged status Not for loan Home library Current library Shelving location Date acquired Serial Enumeration / chronology Koha item type
      Journals RRII Library RRII Library Rubber chemistry 17/12/2021 Volume 36, Issue 5 Journals